000 00454nam a2200181Ia 4500
005 20250423100739.0
008 250422s9999 xx 000 0 und d
020 _a978- 1- 932099- 25- 6
050 _aBP 166 .G8513/
100 _aGulen, M. Fethullah
245 0 _aQuestions & answers about Islam
260 _aNew Jersey
260 _bTughra Books
260 _c2011
300 _a176 p
650 _aIslam- doctrines- miscellanea
942 _cBK
999 _c34222
_d34222